000 00611nam a2200217Ia 4500
005 20250923145951.0
008 008 250917s9999 xx 000 0 eng d
037 _aTextual
040 _aDSWL
_beng
_cDSWL
041 _aeng
_2eng
084 _aYX;40bl: 4236, N97
_qDSWL
100 _aPannikulam, A.
_9840813
245 0 _aCounselling Manual for Health HIV/AIDS
_c by A. Pannikulam
260 _aNew Delhi
_bVHRI
_c1997
300 _a67 p.
365 _bGift
700 _a D. Meshram
_9840814
925 _gGift
942 _cTEXL
_hYX;40bl: 4236, N97
999 _c1457916
_d1457916